All Harry Potter Books - Statistics

General Stats
  • This quiz has been taken 25 times
  • The average score is 8 of 8
Answer Stats
Hint Answer % Correct
Book 2 Harry Potter and The Chamber of Secrets
100%
Book 7 Harry Potter and The Deathly Hallows
100%
Book 4 Harry Potter and The Goblet of Fire
100%
Book 6 Harry Potter and The Half-Blood Prince
100%
Book 3 Harry Potter and The Prisoner of Azkaban
100%
Book 5 Harry Potter and The Order of the Phoenix
96%
Book 1 Harry Potter and The Sorcerer's Stone
96%
Book 8 Harry Potter and The Cursed Child
78%
No matching quizzes found
Score Distribution
Percent of People with Each Score
Percentile by Number Answered
Your Score History
You have not taken this quiz